National Assembly Library of Thailand

โคลงเรื่องพระราชนิพนธ์ ในรัชกาลที่ 5 (ระเบียนเลขที่ 62445)

รายละเอียดในรูปแบบ MARC
000 -LEADER
fixed length control field 01051nam a22002297a 4500
005 - DATE AND TIME OF LATEST TRANSACTION
control field 20210325205030.0
008 - FIXED-LENGTH DATA ELEMENTS--GENERAL INFORMATION
fixed length control field s2553 th ||||| |||| 00| 0 tha d
020 ## - INTERNATIONAL STANDARD BOOK NUMBER
International Standard Book Number 9789744172075
050 ## - LIBRARY OF CONGRESS CALL NUMBER
Classification number PL4206.5 จ657ค 2553
100 0# - MAIN ENTRY--PERSONAL NAME
Personal name จุลจอมเกล้าเจ้าอยู่หัว, พระบาทสมเด็จพระ
245 10 - TITLE STATEMENT
Title โคลงเรื่องพระราชนิพนธ์ ในรัชกาลที่ 5
260 3# - PUBLICATION, DISTRIBUTION, ETC.
Place of publication, distribution, etc. กรุงเทพฯ :
Name of publisher, distributor, etc. กรมศิลปากร,
Date of publication, distribution, etc. 2553
300 ## - PHYSICAL DESCRIPTION
Extent 115 หน้า :
Other physical details ภาพประกอบ ;
Dimensions 22 ซม.
610 ## - SUBJECT ADDED ENTRY--CORPORATE NAME
Corporate name or jurisdiction name as entry element กรมศิลปากร. สำนักหอจดหมายเหตุแห่งชาติ
650 04 - SUBJECT ADDED ENTRY--TOPICAL TERM
Topical term or geographic name entry element กวีนิพนธ์ไทย
650 04 - SUBJECT ADDED ENTRY--TOPICAL TERM
Topical term or geographic name entry element โคลง
850 ## - HOLDING INSTITUTION
Holding institution NALT
942 ## - ADDED ENTRY ELEMENTS (KOHA)
Koha item type General Book
997 ## -
-- 38069 ฉ.1 /38070 ฉ.2
997 ## -
-- 000000000062445
998 ## - LOCAL CONTROL INFORMATION (RLIN)
-- นางสุกัญญา กัลยา
รายการที่มีในห้องสมุด
Withdrawn status Lost status Damaged status Not for loan Collection code Home library Current library Source of acquisition Cost, normal purchase price Total Checkouts Full call number Barcode Date last seen Copy number Cost, replacement price Price effective from Koha item type
        General Book collection National Assembly Library of Thailand National Assembly Library of Thailand จัดซื้อทรัพยากร 190.00   PL 4206.5 จ657ค 2553 3961183827 09/06/2017 ฉ. 1 240.00 09/06/2017 General Book
        General Book collection National Assembly Library of Thailand National Assembly Library of Thailand จัดซื้อทรัพยากร 190.00   PL 4206.5 จ657ค 2553 3961183828 09/06/2017 ฉ. 2 240.00 09/06/2017 General Book
หอสมุดรัฐสภา
สำนักงานเลขาธิการสภาผู้แทนราษฎร เลขที่ 1111 ถนนสามเสน แขวงถนนนครไชยศรี เขตดุสิต กรุงเทพฯ 10300
The Secretariat of the House of Representatives 1111 Samsen Road, Thanon Nakhon Chai Si, Dusit, Bangkok 10300, THAILAND
โทรศัพท์: +66(0) 2242 5900 ต่อ 5714-5 โทรสาร: +66(0) 2242 5990 อีเมล: [email protected]